| Tag |
First Indicator |
Second Indicator |
Subfields |
| LEADER |
00000cam a2200000 i 4500 |
| 001 |
in00005729068 |
| 005 |
20260701175728.4 |
| 008 |
260312t20262026nyu 000 f eng d |
| 035 |
|
|
|a (OCoLC)1579026307
|
| 040 |
|
|
|a JNE
|e rda
|c JNE
|d GRA
|d YDX
|d TXA
|
| 020 |
|
|
|a 9780593722596
|q (hardcover)
|
| 020 |
|
|
|a 0593722590
|q (hardcover)
|
| 020 |
|
|
|a 9798217300761
|q (international edition)
|
| 020 |
|
|
|z 9780593722602
|q (electronic book)
|
| 050 |
|
4 |
|a PS3618.E533
|b I56 2026
|
| 082 |
0 |
|
|a 813/.6
|2 23/eng/20240422
|
| 100 |
1 |
|
|a Reid, Ava,
|e author.
|
| 245 |
1 |
0 |
|a Innamorata /
|c Ava Reid.
|
| 250 |
|
|
|a First edition.
|
| 264 |
|
1 |
|a New York :
|b Del Rey,
|c [2026].
|
| 264 |
|
4 |
|c ©2026.
|
| 300 |
|
|
|a xii, 537 pages ;
|c 24 cm.
|
| 336 |
|
|
|a text
|b txt
|2 rdacontent
|
| 337 |
|
|
|a unmediated
|b n
|2 rdamedia
|
| 338 |
|
|
|a volume
|b nc
|2 rdacarrier
|
| 490 |
1 |
|
|a Book one of the House of Teeth duology
|
| 500 |
|
|
|a Includes illustrations on endpapers and sprayed edges.
|
| 520 |
|
|
|a On an island where the dead once walked, seven noble houses fell to a conqueror's blade, their necromancy lost. Only the House of Teeth survives, heiress Marozia and her silent cousin Agnes, keeper of dark secrets. To reclaim their magic and avenge their family, Agnes must betray her heart, but love may doom them all.
|
| 650 |
|
0 |
|a Magic
|v Fiction.
|
| 650 |
|
0 |
|a Revenge
|v Fiction.
|
| 650 |
|
0 |
|a Princes
|v Fiction.
|
| 650 |
|
0 |
|a Fiction.
|
| 655 |
|
7 |
|a Romance fiction.
|2 lcgft
|
| 800 |
1 |
|
|a Reid, Ava.
|t House of Teeth duology ;
|v bk. 1
|
| 948 |
|
|
|a dmitchel 7/1/26 1.10.20
|
| 994 |
|
|
|a Z0
|b TXA
|
| 999 |
f |
f |
|i 6376658a-b65d-47f1-a77f-3a97b76b33b9
|s b5e91b7f-6046-4dc0-bb77-2bb878a27450
|t 0
|
| 952 |
f |
f |
|p 30_day
|a Texas A&M University
|b College Station
|c Sterling C. Evans Library
|s Evans Bestseller Collection
|d Evans Bestseller Collection
|t 0
|e PS3618.E533 I56 2026
|h Library of Congress classification
|i unmediated -- volume
|m A14852794693
|
| 998 |
f |
f |
|a PS3618.E533 I56 2026
|t 0
|l Evans: Library Stacks
|